ARRUPE JESUIT UNIVERSITY

CORONAVIRUS -STOP THE SPREAD - CLEAN,DISINFECT,COVER

Scientific discovery, case studies / (Record no. 123003)

MARC details
000 -LEADER
fixed length control field 01478cam a2200385 i 4500
001 - CONTROL NUMBER
control field 145075
003 - CONTROL NUMBER IDENTIFIER
control field ARRUPE
005 - DATE AND TIME OF LATEST TRANSACTION
control field 20150717134231.0
008 - FIXED-LENGTH DATA ELEMENTS--GENERAL INFORMATION
fixed length control field 830311s1980 ne b 101 0 eng
010 ## - LIBRARY OF CONGRESS CONTROL NUMBER
LC control number 80016945
020 ## - INTERNATIONAL STANDARD BOOK NUMBER
International Standard Book Number 9027710929
020 ## - INTERNATIONAL STANDARD BOOK NUMBER
International Standard Book Number 9027710937 (pbk.)
035 ## - SYSTEM CONTROL NUMBER
System control number (OCoLC)6421251
035 ## - SYSTEM CONTROL NUMBER
System control number (OCoLC)ocm06421251
035 ## - SYSTEM CONTROL NUMBER
System control number (CStRLIN)NYCG83-B18797
035 ## - SYSTEM CONTROL NUMBER
System control number (NNC)145075
040 ## - CATALOGING SOURCE
Transcribing agency DCL
050 0# - LIBRARY OF CONGRESS CALL NUMBER
Classification number Q174
Item number .B67
082 ## - DEWEY DECIMAL CLASSIFICATION NUMBER
Classification number 501 s
-- 507.2
300 ## - PHYSICAL DESCRIPTION
Dimensions 23 cm.
100 ## - MAIN ENTRY--PERSONAL NAME
Personal name Nickles, Thomas
9 (RLIN) 18410
245 10 - TITLE STATEMENT
Title Scientific discovery, case studies /
Statement of responsibility, etc edited by Thomas Nickles.
260 ## - PUBLICATION, DISTRIBUTION, ETC. (IMPRINT)
Place of publication, distribution, etc Dordrecht, Holland ;
-- Boston :
Name of publisher, distributor, etc D. Reidel Pub. Co. ;
Place of publication, distribution, etc Hingham, MA :
Name of publisher, distributor, etc sold and distributed in the U.S.A. and Canada by Kluwer Boston,
Date of publication, distribution, etc c1980.
300 ## - PHYSICAL DESCRIPTION
Extent xxv, 379 p. ;
490 1# - SERIES STATEMENT
Series statement Boston studies in the philosophy of science ;
Volume number/sequential designation v. 60
500 ## - GENERAL NOTE
General note Companion volume to the Conference's Scientific discovery, logic, and rationality, which contains a separate selection of papers from the Conference.
504 ## - BIBLIOGRAPHY, ETC. NOTE
Bibliography, etc Includes bibliographies and indexes.
650 #0 - SUBJECT ADDED ENTRY--TOPICAL TERM
Topical term or geographic name as entry element Science
General subdivision Philosophy
Form subdivision Congresses.
9 (RLIN) 11411
650 #0 - SUBJECT ADDED ENTRY--TOPICAL TERM
Topical term or geographic name as entry element Science
General subdivision History
Form subdivision Congresses.
9 (RLIN) 18411
650 #0 - SUBJECT ADDED ENTRY--TOPICAL TERM
Topical term or geographic name as entry element Inventions
General subdivision Philosophy
Form subdivision Congresses.
9 (RLIN) 18412
650 #0 - SUBJECT ADDED ENTRY--TOPICAL TERM
Topical term or geographic name as entry element Inventions
General subdivision History
Form subdivision Congresses.
9 (RLIN) 18413
700 1# - ADDED ENTRY--PERSONAL NAME
Personal name Nickles, Thomas,
Dates associated with a name 1943-
9 (RLIN) 18414
830 #0 - SERIES ADDED ENTRY--UNIFORM TITLE
Uniform title Boston studies in the philosophy of science ;
Volume number/sequential designation v. 60.
9 (RLIN) 18415
942 ## - ADDED ENTRY ELEMENTS (KOHA)
Source of classification or shelving scheme Library of Congress Classification
Koha item type Monograph ( Printed materials)
Holdings
Withdrawn status Lost status Source of classification or shelving scheme Damaged status Not for loan Collection code Home library Current library Shelving location Date acquired Total Checkouts Full call number Barcode Date last seen Price effective from Koha item type
    Library of Congress Classification     Main Collection ARRUPE LIBRARY ARRUPE LIBRARY Main Collection 17/07/2015   Q174.B67 46500004545 03/07/2019 17/07/2015 Monograph ( Printed materials)

 

Arrupe Library. PO Box MP320 Mt Pleasant, Harare, Zimbabwe
263 242 745411|librarian@aju.ac.zw